| Tag |
First Indicator |
Second Indicator |
Subfields |
| LEADER |
00000cam a2200000Ia 4500 |
| 001 |
in00003153421 |
| 005 |
20151204205424.0 |
| 008 |
120531s2012 be a 000 0 dut d |
| 016 |
7 |
|
|a 016127573
|2 Uk
|
| 020 |
|
|
|a 9789058564122
|
| 020 |
|
|
|a 9058564126
|
| 035 |
|
|
|a (OCoLC)ocn794707693
|
| 035 |
|
|
|a (OCoLC)794707693
|
| 040 |
|
|
|a BTCTA
|b eng
|c BTCTA
|d UKMGB
|d BDX
|d ERASA
|d YDXCP
|d TXA
|d UtOrBLW
|
| 041 |
0 |
|
|a eng
|a dut
|
| 043 |
|
|
|a e-be---
|
| 049 |
|
|
|a TXAM
|
| 090 |
|
|
|a NK2195.R4
|b M87 2012
|
| 100 |
1 |
|
|a Musschoot, Lieven.
|
| 245 |
1 |
0 |
|a Lieven Musschoot :
|b restaurant designs /
|c [author, Lieven Musschoot ; photography, Koen van Damme ; text, Charlotte Therssen].
|
| 246 |
1 |
0 |
|a Restaurant designs
|
| 264 |
|
1 |
|a Oostkamp, Belgium :
|b Stichting Kunstboek,
|c [2012]
|
| 264 |
|
4 |
|c ©2012
|
| 300 |
|
|
|a 96 pages :
|b color illustrations ;
|c 23 cm.
|
| 336 |
|
|
|a text
|b txt
|2 rdacontent
|
| 337 |
|
|
|a unmediated
|b n
|2 rdamedia
|
| 338 |
|
|
|a volume
|b nc
|2 rdacarrier
|
| 546 |
|
|
|a In English and Dutch.
|
| 650 |
|
0 |
|a Restaurants
|x Decoration
|z Belgium.
|
| 600 |
1 |
0 |
|a Musschoot, Lieven.
|
| 700 |
1 |
|
|a Damme, Koen van.
|
| 700 |
1 |
|
|a Therssen, Charlotte.
|
| 945 |
|
|
|a PromptCat
|b 316182
|
| 946 |
|
|
|a stk
|
| 947 |
|
|
|a A14835887523
|
| 994 |
|
|
|a C0
|b TXA
|
| 948 |
|
|
|a cataloged
|b h
|c 2013/5/14
|d c
|e nbehmer
|f 4:38:58 pm
|
| 999 |
|
|
|a MARS
|
| 999 |
f |
f |
|s b2a487b5-a925-30f2-9763-1255e56e6dc3
|i 902177ee-2d4b-3252-b888-f18a54b36445
|t 0
|
| 952 |
f |
f |
|p normal
|a Texas A&M University
|b College Station
|c Sterling C. Evans Library
|d Evans: Library Stacks
|t 0
|e NK2195.R4 M87 2012
|h Library of Congress classification
|i unmediated -- volume
|m A14835887523
|
| 998 |
f |
f |
|a NK2195.R4 M87 2012
|t 0
|l Evans: Library Stacks
|